Inspirace hudbou : katalog vychází při příležitosti výstavy Inspirace hudbou 24.4.-31.10.2018" /

Hlavní autor: Laufrová, Alena, 1952-
Další autoři: Piekar, Pavel, 1960-, Houšková, Albína, Hudební festival Antonína Dvořáka
Jazyk: Čeština
Vydáno: Příbram : Sdružení českých umělců grafiků Hollar, 2018
Témata:
Fyzický popis: 53 stran : ilustrace (převážně barevné), portréty ; 28 cm
Knihy
Uloženo v:
LEADER 02909nam a2200697 i 4500
001 nkc20182996219
003 CZ PrNK
005 20180607141247.0
007 ta
008 180509s2018 xr ac e c 000 0 cze
020 |a 978-80-903739-3-8  |q (brožováno) :  |c Kč 200,00 
040 |a BOA001  |b cze  |e rda 
043 |a e-xr---  |b e-xr-st  |2 czenas 
045 |a x6y1 
072 7 |a 76  |x Grafické umění. Grafika  |2 Konspekt  |9 21 
080 |a 78.079  |2 MRF 
080 |a 76(437.3)  |2 MRF 
080 |a 7.036/.038  |2 MRF 
080 |a 78:72/76  |2 MRF 
080 |a (437.3)  |2 MRF 
080 |a (437.312)  |2 MRF 
080 |a (082.2)  |2 MRF 
080 |a (083.824)  |2 MRF 
100 1 |a Laufrová, Alena,  |d 1952-  |7 jo2003193232  |4 aut 
245 1 0 |a Inspirace hudbou :  |b katalog vychází při příležitosti výstavy Inspirace hudbou 24.4.-31.10.2018" /  |c text Alena Laufrová, Pavel Piekar, Albína Houšková 
264 1 |a Příbram :  |b Sdružení českých umělců grafiků Hollar,  |c 2018 
300 |a 53 stran :  |b ilustrace (převážně barevné), portréty ;  |c 28 cm 
336 |a text  |b txt  |2 rdacontent 
336 |a statický obraz  |b sti  |2 rdacontent 
337 |a bez média  |b n  |2 rdamedia 
338 |a svazek  |b nc  |2 rdacarrier 
500 |a "Výstava k 50 letům Hudebního festivalu Antonína Dvořáka Příbram"--Tiráž 
500 |a 300 výtisků 
505 2 0 |t 50 let Hudebního festivalu Hudební festival Antonína Dvořáka v Příbrami 
610 2 7 |a Sdružení českých umělců grafiků Hollar  |7 kn20010711432  |2 czenas 
611 2 7 |a Hudební festival Antonína Dvořáka  |7 ko2005310203  |2 czenas 
648 4 |a 1969-2018 
648 7 |a 20.-21. století  |7 ch462155  |2 czenas 
650 0 7 |a hudební festivaly  |7 ph114723  |z Česko  |y 20.-21. století  |2 czenas 
650 0 7 |a česká grafika  |7 ph128116  |y 20.-21. století  |2 czenas 
650 0 7 |a moderní umění  |7 ph115340  |z Česko  |2 czenas 
650 0 7 |a hudba a výtvarné umění  |7 ph138875  |z Česko  |y 20.-21. století  |2 czenas 
650 0 9 |a music festivals  |z Czechia  |y 20th-21st centuries  |2 eczenas 
650 0 9 |a Czech prints  |y 20th-21st centuries  |2 eczenas 
650 0 9 |a modern art  |z Czechia  |2 eczenas 
650 0 9 |a music and art  |z Czechia  |y 20th-21st centuries  |2 eczenas 
651 7 |a Příbram (Česko)  |7 ge130586  |2 czenas 
651 9 |a Příbram (Czechia)  |2 eczenas 
655 7 |a jubilejní publikace  |7 fd131839  |2 czenas 
655 7 |a katalogy výstav  |7 fd132536  |2 czenas 
655 9 |a jubilee books  |2 eczenas 
655 9 |a exhibition catalogs  |2 eczenas 
700 1 |a Piekar, Pavel,  |d 1960-  |7 jn99240000874  |4 aut 
700 1 |a Houšková, Albína  |7 hka2012729066  |4 aut 
711 2 |a Hudební festival Antonína Dvořáka  |7 ko2005310203  |4 oth 
910 2 |a BOA001  |b 3-1408.114 
928 9 |a Hollar 
990 |a BK 
995 |a 11 
991 |b 201805  |c NOV 
996 6 |b 2610742686  |c 3-1408.114  |l MZK  |r Sklad / do 1 hodiny  |n 0  |p p.v.  |w 001663878  |u 000010  |a 1  |e BOA001  |j MZK50  |s P